A breve vida das flores (Record no. 44662)
[ view plain ]
| 000 -Etiqueta do registo | |
|---|---|
| Valores | 00771nam a2200241 4500 |
| 010 ## - Número ISBN | |
| ISBN | 9789722368438 |
| 021 ## - Número do Depósito Legal | |
| Código do país | Portugal |
| Número | 492971/21 |
| 100 ## - Dados gerais de processamento | |
| Dados gerais | 20220725d2022 m y0pory50030103ba |
| 102 ## - País de publicação | |
| País | Portugal |
| 200 1# - Titulo e menção de responsabilidade | |
| Título próprio | A breve vida das flores |
| Primeira menção de responsabilidade | Valérie Perrin |
| Outras menções de responsabilidade | trad. Maria de Fátima Carmo |
| 205 ## - Menção da edição | |
| Edição | 6<U+00AA> ed |
| 210 #9 - Publicação | |
| Local de publicação | Lisboa |
| Nome do editor | Editorial Presença, |
| Data de publicação | 2022 |
| 215 ## - Descrição física | |
| Paginação / Volumes | 444 p. |
| Dimensões | 23 cm |
| 225 2# - Colecção | |
| Título próprio da colecção | Grandes narrativas |
| Indicação de volume | 776 |
| 304 ## - Nota relativa ao título | |
| Texto de nota | Título orig.: Changer l'eau des fleurs |
| 675 ## - CDU | |
| Notação | 821.133.1-3 |
| Edição | BN |
| Língua | por |
| 700 #1 - Autor principal (pessoa individual) | |
| Apelido | Perrin, |
| Nome | Valérie, |
| Datas | 1967- |
| 702 #1 - Autor secundário (pessoa individual) | |
| Apelido | Carmo, |
| Nome | Maria de Fátima |
| 801 #0 - Fonte de origem | |
| País | PT |
| Agência | BN |
| Regras de catalogação | RPC |
| 856 41 - Localização e acesso electrónico | |
| URL | <a href="http://rnod.bnportugal.gov.pt/ImagesBN/winlibimg.aspx?skey=&doc=2105864&img=168237&save=true">http://rnod.bnportugal.gov.pt/ImagesBN/winlibimg.aspx?skey=&doc=2105864&img=168237&save=true</a> |
| 990 ## - Elementos KOHA | |
| Tipo de documento | Livro |
| Estado | Biblioteca de origem | Empréstimo | Código de barras | Cota | Permissão de empréstimo | Tipo de documento | Forma de aquisição |
|---|---|---|---|---|---|---|---|
| Biblioteca Municipal de Redondo | Biblioteca Municipal de Redondo | Biblioteca Municipal de Redondo | 054100 | 821.133.1-3 PER | MON |